000 00582nam a2200193Ia 4500
003 IN-BaIIA
008 211028s9999 xx 000 0 eng d
040 _cIIA Library
080 _a083.7:669.14-423
_bISI
110 _aIndian Standards Institution
245 0 _aIndian standard specification for bright bars (standard quality)
_cIndian Standards Institution
260 _aNew Delhi
_bIndian Standards Institution
_c1974
300 _a10p.
500 _aIS 7270 : 1974
650 _a Bright Stars
_99103
650 _a Standards 
650 _aNASA Thesaurus 
942 _cBK
999 _c5119
_d5119